Managing for results : economic tasks and risk-taking decisions

Bibliographic Details
Main Author: Drucker, Peter F. (Author)
Format: Book
Language:English
Published: New York : Harper Collins Publication 1986
Subjects:

MARC

LEADER 00000cam a2200000 7i4500
001 0000006314
005 20241001.0
008 221109 nyu eng
020 |a 0887306144 
040 |a INS   |b eng   |e rda 
090 0 0 |a HD38   |b .D84 1986 
100 1 |a Drucker, Peter F. ,   |e author 
245 1 0 |a Managing for results :   |b economic tasks and risk-taking decisions   |c Peter F. Drucker 
264 1 |a New York :   |b Harper Collins Publication   |c 1986 
264 4 |c ©1986 
300 |a xiv, 240 pages ;   |c 21 cm. 
336 |a text  |2 rdacontent 
337 |a unmediated  |2 rdamedia 
338 |a volume  |2 rdacarrier 
504 |a Includes bibliographical references and index 
650 0 |a Decision   |x making 
650 0 |a Industrial management 
999 |a 0000005330   |b BOOK   |c Open Shelf   |e Default branch